| 000 | 00437nam a2200193Ia 4500 | ||
|---|---|---|---|
| 005 | 20240823035424.0 | ||
| 008 | 240823s9999||||xx |||||||||||||| ||und|| | ||
| 020 | _a81-7223-439-2 | ||
| 041 | _aENGLISH | ||
| 082 | _A843.92 P2 | ||
| 100 | _aJanaki Murali | ||
| 245 | 4 | _aThe Colour of Dawn | |
| 250 | _a1st | ||
| 260 |
_c2002 _bHarper Collins Publi |
||
| 500 | _aYES | ||
| 650 |
_aNovel _bEnglish |
||
| 942 | _cBK | ||
| 999 |
_c200648 _d200648 |
||